000
00215 a2200097 4500
001
8585
100
_a
Sagar Tariq Ismail
245
_a
Lehr dar panyen key karwahat
260
_a
_b
Ferozsons
_c
090
_c
6908
_d
6908
942
_a
NUST-CAE
_c
M
_c
33498
999
_c
243658
_d
243658